000 00566nam a2200229Ia 4500
003 OSt
005 20220924153815.0
006 a|||||r|||| 00| 0
007 ta
008 220923b |||||||| |||| 00| 0 urd d
024 _a351658
037 _cTextual
040 _aARTS
_cARTS
_burd
041 _2urd
_aurd
082 _aL, 168G6.1
100 _aMohammad Usman Tr.
_9229787
245 0 _aAmal-e-tib
260 _c1936
650 _aMEDICINE
_94387
942 _hL, 168G6.1
_cTEXL
_2CC
999 _c474815
_d474815